Spôsob odlievania pravouhlých predliatkov z kovu a zariadenie na jeho vykonávanie

Bibliographic Details
Main Author: Urlau, Ulrich (Author)
Format: Book
Language:Slovak
Published: [Banská Bystrica] Úrad priemyselného vlastníctva Slovenskej republiky [2007]

MARC

LEADER 00000nam a2200000 a 4500
001 vtls008982421
003 SK-MaSNL
005 20260301170251.0
008 240314s2007 xo d j o000 0 slo
013 |a 285609  |b gw  |c patentový spis  |d 20070405  |e dátum nadobudnutia účinkov patentu (Vestník ÚPV SR č.: 4/2007)  |d 20070330  |e dátum sprístupnenia patentu verejnosti 
013 |a 1754-2000  |e číslo prihlášky  |d 19990319  |e dátum podania prihlášky  |d 20010611  |e dátum zverejnenia prihlášky (Vestník ÚPV SR č.: 06/2001) 
013 |a 198 23 440.6  |e číslo prioritnej prihlášky  |d 19980519  |e dátum podania prioritnej prihlášky 
040 |a SNK  |b slo  |c SNK  |e AACR2 
100 1 |a Urlau, Ulrich  |4 aut  |9 468190 
245 1 0 |a Spôsob odlievania pravouhlých predliatkov z kovu a zariadenie na jeho vykonávanie 
260 |a [Banská Bystrica]  |b Úrad priemyselného vlastníctva Slovenskej republiky  |c [2007] 
999 |c 827048  |d 828978 
952 |a SNK  |b SNK  |y PREZ  |7 0  |p 17A0549135  |o snkSK 285609  |i snk2007/10688  |8 0  |0 0  |1 0  |4 0  |d 2007-04-20  |l 0  |r 2026-02-24 03:25:24  |w 2026-02-24